Statystyki dla Najdłusże granice państw #2

Kliknij tutaj aby rozwiązać quiz!

Ogólne statystyki

  • Ten quiz został rozwiązany 279 razy
    (181 od ostatniego zresetowania)
  • Średni wynik to 12 z 16

Statystyki odpowiedzi

panstwopanstwo z najdlusżą granicą% Poprawnych
PolskaCzechy
99%
LitwaBiałoruś
95%
IndonezjaMalezja
77%
Korea Płd.Korea Północna
76%
ParagwajArgentyna
75%
PeruBrazylia
74%
RumuniaBułgaria
74%
SzwajcariaWłochy
73%
Papua Nowa-
Gwinea
Indonezja
70%
CzarnogóraBośnia i Hercegowina
68%
GwatemalaMeksyk
66%
KirgistanUzbekistan
64%
TanzaniaKenia
63%
MjanmaChiny
62%
IzraelEgipt
60%
NamibiaAngola
55%

Rozkład punktacji

Percentyl według liczby udzielonych odpowiedzi

Procent ludzi z każdym wynikiem

Twoja historia wyników

Nie rozwiązałeś tego quizu od ostatniego zresetowania